Haltestellen der Linie 9 (Wien) - Statistiken

Allgemein
  • Dieses Quiz wurde 44 mal gespielt
  • Das Durchschnittsergebnis liegt bei 13 aus 19
Antwortstatistiken
Andere Linien Haltestelle % Korrekt
ÖBB, 40, 41, 10A Gersthof
97%
U3, U6, ÖBB, 5, 6, 18, 52, 60 Westbahnhof
97%
43 Elterleinplatz
80%
2, 44 Johann-Nepomuk-Berger-Platz
80%
U3, 49, 12A Schweglerstraße
80%
49 Beingasse
77%
6, 18, 49 Urban-Loritz-Platz
77%
48A Camillo-Sitte-Gasse
71%
- Gersthof, Wallrißstraße
71%
43 Rosensteingasse
71%
42 Vinzenzgasse
69%
- Blumengasse
66%
- Guntherstraße
63%
46 Feßtgasse
60%
- Simonygasse
60%
2 Mayssengasse
57%
42 Sommarugagasse
57%
48A Panikengasse
54%
40 Schöffelgasse
51%
Keine übereinstimmenden Quizze gefunden
Verteilung der Resultate
Anzahl Personen mit jedem Resultat
Perzentil nach korrekt beantworteten Fragen
Ihre Resultats-Entwicklung
Sie haben dieses Quiz noch nicht gespielt